[Event "ROM-ch U12"]
[Site "Calimanesti Caciulata"]
[Date "2016.04.25"]
[Round "9"]
[White "Morus, Alexandru"]
[Black "Kocak, Halil"]
[Result "0-1"]
[WhiteElo "1001"]
[BlackElo "1075"]
[PlyCount "74"]
[EventDate "2016.04.18"]
[EventType "swiss"]
[EventRounds "9"]
[EventCountry "ROU"]
[SourceTitle "EXT 2017"]
[Source "ChessBase"]
[SourceDate "2016.10.25"]
[SourceVersion "1"]
[SourceVersionDate "2016.10.25"]
[SourceQuality "1"]

1. e4 c6 2. d4 d5 3. Nc3 dxe4 4. Nxe4 Bf5 5. Bd3 e6 6. Bf4 Qxd4 7. c3 Qd8 8. Nf3 Nf6 9. Bg5 Be7 10. Qe2 Nbd7 11. Rd1 0-0 12. 0-0 Nd5 13. Rfe1 Bxe4 14. Qxe4 g6 15. Bh6 Re8 16. Bc4 N7f6 17. Qc2 Qd6 18. Bxd5 cxd5 19. Rd4 Rac8 20. Ne5 Nd7 21. f4 Bf6 22. Ree4 Nxe5 23. fxe5 Bxe5 24. Rd3 Bxh2+ 25. Kf2 Be5 26. Qe2 Qb6+ 27. Be3 Qc7 28. Rg4 b6 29. Qf3 f5 30. Rb4 Qd6 31. Bd4 Bxd4+ 32. Rbxd4 Rc7 33. Rh4 Rec8 34. Re3 Rc4 35. Rh1 Rf4 36. Qxf4 Qxf4+ 37. Ke2 e5 0-1